| 000 | 02791nam a2200373 a 4500 | ||
|---|---|---|---|
| 005 | 20091219095239.0 | ||
| 008 | 080508s2008 ctua 000 0 eng | ||
| 010 | _aB-380332-343 | ||
| 020 |
_a9789380069326 _c250.00 |
||
| 035 | _aB-380332-343 | ||
| 037 | _bUBH | ||
| 040 |
_adpl _bEnglish |
||
| 082 | _aS | ||
| 245 |
_aThe best of Akbar-Birbal: _cretold by Sunita Pant Bansal _bimmortal tales of wit & wisdom / |
||
| 260 |
_aNew Delhi _bOm Kidz _c2009 |
||
| 270 |
_a4379/4B, Prakash House, Ansari Road, Darya Ganj, _bNew Delhi _e110002 |
||
| 300 |
_a128p.: _c28cm(Hb) _bcol. ill. |
||
| 520 | _aCollects anecdotes from teenagers about friendship, peer pressure, self-acceptance, family life, relationships, and overcoming obstacles. | ||
| 700 |
_aBansal, Sunita Pant _954583 |
||
| 942 |
_2ddc _cCH _mBES _hS |
||
| 999 |
_c33239 _d33239 |
||